| 000 | 00387nam a2200097Ia 4500 | ||
|---|---|---|---|
| 008 | 180130s9999 xx 000 0 und d | ||
| 245 |
_cGuo, P. _aParse that data! Practical tips for preparing your raw data for analysis |
||
| 260 | _c2016 | ||
| 300 | _aBook title: Perspectives on data science for software engineering--Acession number C20893; pages 169-174 | ||
| 650 | _aSOFTWARE ENGINEERING | ||
| 999 |
_c354311 _d354311 |
||